| 000 | 01078nam a2200193 a 4500 | ||
|---|---|---|---|
| 001 | 56685 | ||
| 005 | 20180714052551.0 | ||
| 008 | 140415s2005 sp 000 0 spa d | ||
| 020 | _a8478005145 | ||
| 041 | _aspa | ||
| 082 |
_a378.8 _bROD |
||
| 100 | 1 | _aRODRIGUEZ CRUZ, AGUEDA | |
| 245 | 1 | 3 | _aLA UNIVERSIDAD DE SALAMANCA EN HISPANOAMERICA |
| 250 | _a1a ed. | ||
| 260 |
_aESPAÑA : _bEDICIONES UNIVERSIDAD DE SALAMANCA, _c2005 |
||
| 300 |
_a157 _c12.1 x 0.7 x 21 |
||
| 520 | _aEL FENOMENO CULTURAL HISPANOAMERICANO FUE UN TRANSPLANTE DE LA VIDA ESPAÑOLA A AMERICA, O MAS PRECISAMENTE SIMBIOSIS. TODO EN LA VIDA ULTRAMARINA SE REALIZO EN UN MARCO MUY HISPANICO. ESO MISMO OCURRIO CON EL FENOMENO UNIVERSITARIO: SALAMANCA, LA MAS ANTIGUA Y CELEBRE DE LAS UNIVERSIDADES ESPAÑOLAS, FUE EL MODELO, PROTOTIPO Y ALMA MATER DE LAS UNIVERSIDADES HISPANOAMERICANAS. EL REGIMEN ACADEMICO DE ULTRAMAR SE INSPIRO CON MAYOR O MENOR INTENSIDAD, DIRECTA O INDIRECTAMENTE, EN LA ESTRU | ||
| 650 | 1 | 4 |
_aAMERICA LATINA _xHISTORIA _xUNIVERSIDADES _xUNIVERSIDAD DE SALAMANCA _xESPAA |
| 999 |
_c56685 _d56685 |
||